[Event "Bydgoszcz Bank Pocztowy op"]
[Site "Bydgoszcz"]
[Date "1999.07.20"]
[Round "9"]
[White "Zulfugarli, Magomed"]
[Black "Malakhatko, Vadim"]
[Result "0-1"]
[WhiteElo "2388"]
[BlackElo "2537"]
[EventDate "1999.07.12"]
[PlyCount "120"]

1.e4 c5 2.Nf3 e6 3.d4 cxd4 4.Nxd4 Nf6 5.Nc3 Nc6 6.Nxc6 bxc6 7.e5 Nd5 8.Ne4
Qc7 9.f4 Qb6 10.c4 Bb4+ 11.Ke2 Ba6 12.Kf3 f5 13.Nf2 Ne7 14.Be3 Bc5 15.Bxc5
Qxc5 16.Qd6 Qxd6 17.exd6 Ng6 18.Re1 c5 19.b3 Rc8 20.h4 O-O 21.Nd3 Bb7+ 22.
Ke3 Be4 23.Ne5 Nxe5 24.fxe5 a5 25.Rh2 Bc6 26.g3 a4 27.Rb2 axb3 28.Rxb3 Ra8
29.a3 h6 30.h5 g5 31.hxg6 Kg7 32.Be2 Rfb8 33.Rxb8 Rxb8 34.Ra1 Rb3+ 35.Kf4 
Rb2 36.Ke3 Kxg6 37.a4 Kg5 38.Ra3 Bb7 39.a5 Ba6 40.Bd1 Rg2 41.Ra1 Rxg3+ 42.
Kf2 Kf4 43.Ba4 Rg7 44.Bb5 Bb7 45.a6 Ba8 46.a7 Kxe5 47.Ra6 h5 48.Rb6 h4 49.
Rb8 Be4 50.a8=Q Bxa8 51.Rxa8 Kxd6 52.Rh8 Ke5 53.Rxh4 d5 54.cxd5 exd5 55.
Bd3 Rg4 56.Rh5 Rf4+ 57.Ke3 c4 58.Bb1 Rf1 59.Bc2 d4+ 60.Ke2 Rf4 0-1

[Event "Bydgoszcz Bank Pocztowy op"]
[Site "Bydgoszcz"]
[Date "1999.07.21"]
[Round "10"]
[White "Fedorchuk, Sergey A"]
[Black "Czerwonski, Aleksander"]
[Result "0-1"]
[WhiteElo "2457"]
[BlackElo "2426"]
[EventDate "1999.07.12"]
[PlyCount "86"]

1.e4 d6 2.d4 Nf6 3.Nc3 g6 4.Bf4 Bg7 5.Qd2 Nc6 6.O-O-O O-O 7.f3 a6 8.g4 Re8
9.Bh6 Bh8 10.h4 e5 11.dxe5 dxe5 12.Qh2 Nd4 13.h5 Be6 14.Bg5 Nxg4 15.Qh4 
Bf6 16.Bxf6 Nxf6 17.Qg3 Qe7 18.hxg6 fxg6 19.Qxe5 Nxc2 20.Bd3 Nb4 21.Bb1 
Qf7 22.Qa5 c5 23.Nge2 Nd7 24.f4 b6 25.Qa3 Bc4 26.Rd2 Nf6 27.e5 Ng4 28.Rh4 
Rad8 29.Ne4 Rxd2 30.Kxd2 Bxe2 31.Kxe2 Qxf4 32.Nf6+ Qxf6 33.Rxg4 Qxe5+ 34.
Be4 Qh2+ 35.Kf1 Rxe4 36.Qb3+ c4 37.Qf3 Rxg4 38.Qxg4 Qh1+ 39.Kf2 Nd3+ 40.
Ke3 Qe1+ 41.Kd4 Qf2+ 42.Kxc4 Ne5+ 43.Kb3 Nxg4 0-1

[Event "Bydgoszcz Bank Pocztowy op"]
[Site "Bydgoszcz"]
[Date "1999.07.21"]
[Round "10"]
[White "Filippov, Valerij"]
[Black "Vysochin, Spartak"]
[Result "1-0"]
[WhiteElo "2605"]
[BlackElo "2487"]
[EventDate "1999.07.12"]
[PlyCount "69"]

1.Nf3 d5 2.d4 Nf6 3.c4 c6 4.Nc3 dxc4 5.a4 Bf5 6.Nh4 Bc8 7.e3 e5 8.Bxc4 
exd4 9.exd4 Be7 10.O-O O-O 11.Re1 Na6 12.Nf3 Nc7 13.Qb3 Nfd5 14.a5 Rb8 15.
Ne5 Be6 16.Bd2 a6 17.Rad1 Nb5 18.Nxd5 Bxd5 19.Bxd5 cxd5 20.Qh3 Rc8 21.Nd7 
Re8 22.Nb6 Rc6 23.Qh5 Bf6 24.Nxd5 Bxd4 25.Bg5 Qd7 26.Ne7+ Kh8 27.Nxc6 bxc6
28.Qg4 Re6 29.Rxe6 Qxe6 30.Qxe6 fxe6 31.Be3 c5 32.b4 Nc3 33.bxc5 e5 34.
Rxd4 exd4 35.c6 1-0

[Event "Bydgoszcz Bank Pocztowy op"]
[Site "Bydgoszcz"]
[Date "1999.07.21"]
[Round "10"]
[White "Gashimov, Vugar"]
[Black "Szczechowicz, Bartosz"]
[Result "0-1"]
[WhiteElo "2426"]
[BlackElo "2249"]
[EventDate "1999.07.12"]
[PlyCount "44"]

1.e4 c6 2.c4 d5 3.cxd5 cxd5 4.exd5 Nf6 5.Qa4+ Nbd7 6.Nc3 g6 7.Nf3 Bg7 8.
Qb3 O-O 9.Bc4 Nb6 10.d3 Bg4 11.Ne5 Bf5 12.O-O Rc8 13.Re1 Ne8 14.a4 Nd6 15.
a5 Nbxc4 16.Nxc4 Bxd3 17.Nxd6 exd6 18.Qxb7 Qh4 19.Qxa7 Bd4 20.g3 Qf6 21.
Qe7 Qxf2+ 22.Kh1 Bf1 0-1

[Event "Bydgoszcz Bank Pocztowy op"]
[Site "Bydgoszcz"]
[Date "1999.07.21"]
[Round "10"]
[White "Gelman, Alexander"]
[Black "Sosnicki, Michal"]
[Result "1-0"]
[WhiteElo "2469"]
[BlackElo "2335"]
[EventDate "1999.07.12"]
[PlyCount "67"]

1.g3 c5 2.Bg2 Nc6 3.e4 g6 4.d3 Bg7 5.f4 d6 6.Nf3 e5 7.O-O Nge7 8.c3 O-O 9.
Na3 exf4 10.Bxf4 d5 11.Qb3 b6 12.Nb5 Na5 13.Qc2 Bb7 14.Rae1 Bc6 15.a4 a6 
16.Nc7 Ra7 17.b4 Nb7 18.b5 axb5 19.axb5 Nd6 20.bxc6 Rxc7 21.exd5 Nxd5 22.
Bg5 Ne7 23.Qe2 Ndc8 24.Ne5 f6 25.Nd7 fxg5 26.Nxf8 Bxf8 27.Qe6+ Kg7 28.Rf7+
Kh8 29.Rxf8+ Qxf8 30.Qe5+ Qg7 31.Qxc7 Qxc3 32.Qd8+ Ng8 33.Rf1 Ne7 34.c7 
1-0

[Event "Bydgoszcz Bank Pocztowy op"]
[Site "Bydgoszcz"]
[Date "1999.07.21"]
[Round "10"]
[White "Jaracz, Pawel"]
[Black "Antoniewski, Rafal"]
[Result "1-0"]
[WhiteElo "2477"]
[BlackElo "2417"]
[EventDate "1999.07.12"]
[PlyCount "102"]

1.e4 e6 2.d3 d5 3.Nd2 Nf6 4.Ngf3 c5 5.g3 Nc6 6.Bg2 Be7 7.O-O O-O 8.Re1 b5 
9.e5 Nd7 10.Nf1 b4 11.h4 a5 12.N1h2 a4 13.Ng4 a3 14.b3 Na7 15.Bg5 Nb5 16.
Qd2 Ra6 17.Kh2 Nc3 18.Bxe7 Qxe7 19.Qg5 Qxg5 20.hxg5 f5 21.exf6 gxf6 22.
gxf6 Nxf6 23.Nge5 Kg7 24.Bh3 Nd7 25.Kg1 Nxe5 26.Nxe5 h5 27.f3 d4 28.Kf2 
Nd5 29.Nc4 Bb7 30.Bg2 Rf5 31.f4 h4 32.Be4 Rf6 33.gxh4 Rxf4+ 34.Kg3 Rf8 35.
Rg1 Ba8 36.Ne5 Nf4 37.Kh2+ Kh6 38.Raf1 Bxe4 39.dxe4 Raa8 40.Nd7 Rf7 41.Ne5
Rff8 42.Rg5 Rac8 43.Rf2 c4 44.bxc4 d3 45.cxd3 Ra8 46.Rg1 Ra5 47.d4 b3 48.
axb3 a2 49.Ra1 Ra3 50.Rb2 Rfa8 51.Kg3 Nh5+ 1-0

[Event "Bydgoszcz Bank Pocztowy op"]
[Site "Bydgoszcz"]
[Date "1999.07.21"]
[Round "10"]
[White "Kastanieda, Georgiy"]
[Black "Kovchan, Alexander"]
[Result "1/2-1/2"]
[WhiteElo "2415"]
[BlackElo "2448"]
[EventDate "1999.07.12"]
[PlyCount "69"]

1.Nf3 g6 2.c4 Bg7 3.g3 Nf6 4.Bg2 c6 5.d4 d5 6.cxd5 cxd5 7.Nc3 O-O 8.Ne5 b6
9.O-O Bb7 10.Bf4 Ne4 11.Qb3 Nxc3 12.Qxc3 f6 13.Nf3 Nc6 14.Rfd1 Qd7 15.Rac1
Rac8 16.Qd2 e6 17.Bh3 Rfe8 18.Rc2 Bf8 19.Rdc1 Qg7 20.Bg2 g5 21.Be3 Bd6 22.
Ne1 h6 23.f4 Bb4 24.Qd3 Bd6 25.Qb5 gxf4 26.gxf4 Qc7 27.Nf3 a6 28.Qd3 Qh7 
29.f5 exf5 30.Nh4 Ne7 31.Bh3 Rxc2 32.Qxc2 Rc8 33.Qd3 Rxc1+ 34.Bxc1 f4 35.
Nf5 1/2-1/2

[Event "Bydgoszcz Bank Pocztowy op"]
[Site "Bydgoszcz"]
[Date "1999.07.21"]
[Round "10"]
[White "Kucypera, Anna"]
[Black "Bieluszewski, Piotr"]
[Result "1-0"]
[WhiteElo "2218"]
[BlackElo "2195"]
[EventDate "1999.07.12"]
[PlyCount "95"]

1.e4 c5 2.Nf3 d6 3.d4 cxd4 4.Nxd4 Nf6 5.Nc3 a6 6.Be3 e6 7.Qd2 b5 8.f3 Nbd7
9.g4 h6 10.O-O-O Bb7 11.Bg2 b4 12.Nce2 d5 13.exd5 Nxd5 14.Nf4 Nc5 15.Kb1 
Na4 16.Nxd5 Bxd5 17.Nb3 Qc7 18.f4 Bxg2 19.Qxg2 Rc8 20.Rhe1 Be7 21.Bd4 Qxf4
22.Bxg7 Rg8 23.Rd4 Qc7 24.Be5 Qa7 25.Red1 Qa8 26.Qe2 Rg6 27.Rd7 Bg5 28.Qf2
f6 29.Rh7 Kf8 30.Rh8+ Kg7 31.Rxc8 Qxc8 32.Qa7+ Kg8 33.Bg3 Rg7 34.Qf2 Rd7 
35.Re1 f5 36.gxf5 exf5 37.Be5 Qd8 38.Qe2 Kh7 39.Qf3 Qf8 40.Nd4 Rf7 41.Qc6 
Nc5 42.Bd6 Be7 43.Bxc5 Bxc5 44.Ne6 Qd6 45.Qxc5 Qxh2 46.Rg1 Qb8 47.Qd4 Qb7 
48.Qd8 1-0

[Event "Bydgoszcz Bank Pocztowy op"]
[Site "Bydgoszcz"]
[Date "1999.07.21"]
[Round "10"]
[White "Moiseenko, Alexander"]
[Black "Simantsev, Mikhail"]
[Result "1-0"]
[WhiteElo "2501"]
[BlackElo "2409"]
[EventDate "1999.07.12"]
[PlyCount "53"]

1.d4 Nf6 2.Nf3 c5 3.d5 d6 4.Nc3 Qa5 5.Bd2 b5 6.Ne4 Qb6 7.Nxf6+ exf6 8.e4 
Be7 9.a4 bxa4 10.Bc3 O-O 11.Rxa4 f5 12.exf5 Bxf5 13.Bd3 Bxd3 14.Qxd3 Nd7 
15.O-O Qb7 16.Nh4 Bxh4 17.Rxh4 f5 18.Qh3 h6 19.Qg3 Nf6 20.Rxh6 Ne4 21.Qg6 
Nxc3 22.Qh7+ Kf7 23.Qxf5+ Kg8 24.Qh7+ Kf7 25.Qg6+ Kg8 26.bxc3 Qxd5 27.Rh5 
1-0

[Event "Bydgoszcz Bank Pocztowy op"]
[Site "Bydgoszcz"]
[Date "1999.07.21"]
[Round "10"]
[White "Poluljahov, Aleksandr"]
[Black "Zulfugarli, Magomed"]
[Result "0-1"]
[WhiteElo "2554"]
[BlackElo "2388"]
[EventDate "1999.07.12"]
[PlyCount "60"]

1.c4 Nf6 2.Nc3 g6 3.d4 Bg7 4.e4 d6 5.h3 O-O 6.Nf3 e5 7.d5 a5 8.Bg5 Na6 9.
Nd2 Qe8 10.Be2 Kh8 11.g4 Ng8 12.h4 f5 13.f3 h6 14.Be3 Nf6 15.exf5 gxf5 16.
gxf5 Bxf5 17.Nde4 Nh5 18.Qd2 Nf4 19.O-O-O b6 20.Bd3 Nc5 21.Bc2 Nxe4 22.
Bxe4 Bxe4 23.fxe4 Qh5 24.Rdg1 Rf7 25.Kc2 Raf8 26.Rh2 Kh7 27.a3 Bf6 28.Ne2 
Qf3 29.Ng3 Re7 30.Rf1 Qg4 0-1

[Event "Bydgoszcz Bank Pocztowy op"]
[Site "Bydgoszcz"]
[Date "1999.07.21"]
[Round "10"]
[White "Raudive, Aivars"]
[Black "Sumets, Andrey"]
[Result "1-0"]
[WhiteElo "2240"]
[BlackElo "2455"]
[EventDate "1999.07.12"]
[PlyCount "83"]

1.e4 c5 2.Nf3 d6 3.d4 cxd4 4.Qxd4 Bd7 5.c4 Nc6 6.Qd2 Nf6 7.Nc3 g6 8.b3 Bg7
9.Bb2 O-O 10.h3 a5 11.Bd3 Nb4 12.Bb1 Qb6 13.O-O Rfc8 14.Re1 e6 15.e5 dxe5 
16.Nxe5 Be8 17.Ng4 Nxg4 18.hxg4 Rd8 19.Qe2 Qd4 20.Be4 Bc6 21.Rad1 Qe5 22.
a3 Na6 23.Qc2 Qf4 24.Bxc6 bxc6 25.Rxd8+ Rxd8 26.Ne4 e5 27.g5 Nc5 28.Bc3 
Nxe4 29.Qxe4 a4 30.bxa4 Qxg5 31.Qxc6 Qf5 32.a5 Rc8 33.Qd5 Qc2 34.Bxe5 Qxc4
35.Qxc4 Rxc4 36.Bd6 Bd4 37.Re2 Ra4 38.Bb4 h5 39.Kf1 Kg7 40.Ke1 Kf6 41.Kd2 
Be5 42.Kc2 1-0

[Event "Bydgoszcz Bank Pocztowy op"]
[Site "Bydgoszcz"]
[Date "1999.07.21"]
[Round "10"]
[White "Stets, Dmitry"]
[Black "Fedorovsky, Michael"]
[Result "1-0"]
[WhiteElo "2409"]
[BlackElo "2307"]
[EventDate "1999.07.12"]
[PlyCount "93"]

1.e4 e5 2.Nf3 Nc6 3.Bb5 f5 4.Nc3 fxe4 5.Nxe4 d5 6.Nxe5 dxe4 7.Nxc6 Qd5 8.
c4 Qd6 9.Qh5+ g6 10.Qe5+ Kf7 11.c5 Qxe5 12.Nxe5+ Ke7 13.d4 Bg7 14.Bg5+ Nf6
15.O-O-O c6 16.Bc4 Bf5 17.g4 Be6 18.Rhe1 Bxc4 19.Nxc4 Ke6 20.f3 Rhf8 21.
Nd6 Kd7 22.Bxf6 Rxf6 23.fxe4 Rf2 24.h4 Raf8 25.e5 Rg2 26.Rg1 Rxg1 27.Rxg1 
Rf4 28.Re1 Ke6 29.Re4 Rxe4 30.Nxe4 Kd5 31.Nd6 Bf8 32.Nc8 b6 33.b4 bxc5 34.
bxc5 Bh6+ 35.g5 Bf8 36.Kc2 a6 37.Kd3 h6 38.Nd6 hxg5 39.hxg5 Be7 40.Ne4 Bd8
41.Nf6+ Ke6 42.Ke4 Be7 43.a4 Bd8 44.d5+ cxd5+ 45.Nxd5 Bxg5 46.c6 Bh4 47.
Nf6 1-0